Účtovná uzávierka 2001 pre podvojné účtovníctvo

Prehľad všeobecne záväzných právnych noriem. Prehľad prác a úloh pred uzatvorením účtovných kníh. Uzavieranie účtovných kníh. Zostavenie účtovnej závierky. Najčastejšie chyby. Koeficienty prepočtu na euro.

Salvato in:
Dettagli Bibliografici
Autore principale: Kardoš, Štefan
Altri autori: Pastierik, Vladimír
Natura: Capitolo di libro
Lingua:slovacco
Soggetti:
Tags: Aggiungi Tag
Nessun Tag, puoi essere il primo ad aggiungerne!!

MARC

LEADER 00000naa a2200000 4500
001 r043776
005 20230925125245.6
041 0 |a slo 
044 |a SK 
245 1 0 |a Účtovná uzávierka 2001 pre podvojné účtovníctvo  |c Štefan Kardoš, Vladimír Pastierik 
520 |a Prehľad všeobecne záväzných právnych noriem. Prehľad prác a úloh pred uzatvorením účtovných kníh. Uzavieranie účtovných kníh. Zostavenie účtovnej závierky. Najčastejšie chyby. Koeficienty prepočtu na euro. 
610 2 0 |a závierka účtovná 
610 2 0 |a knihy účtovné 
610 2 0 |a náklady 
610 2 0 |a výnosy 
610 2 0 |a súvaha 
610 2 0 |a výkaz ziskov a strát 
100 1 |a Kardoš, Štefan 
700 1 |a Pastierik, Vladimír